000 00603cam a2200217 a 4500
001 000008239
005 20200929161322.0
008 921008s1986 sp a 000 e spa d
020 _a8473890469
040 _aDO-SdBNP
_cDLC
_dDLC
082 _a862.6
_bH565h
100 1 _aHerrero, Pedro Mario.
_922350
245 1 3 _aEl homenaje /
_cPedro Mario Herrero.
260 _aMadrid :
_bMK,
_c1986.
300 _a91 p. ;
_c18 cm.
490 1 _aEscena
_v51
650 4 _aTeatro español
_93071
650 4 _aLiteratura española
_9632
830 0 _aEscena ;
_v51.
_922351
910 _aCatalogación por copia / LC
999 _c8010
_d8010